000 00616nam a2200205Ia 4500
005 20250508165430.0
008 008 250505s9999 xx 000 0 eng d
020 _a978-0-415-59779-1
037 _aTextBook
040 _aFEDL
_beng
_cFEDL
041 _aeng
_2eng
084 _a418.007 1, WIN/R
_qFEDL
100 _aWinston Joe Ed.
_9780829
245 0 _aSecond language learning through drama: Practical techniques and applications
260 _aLondon, UK
_bRoutledge
_c2012
300 _axi, 155p.
365 _aGBP
_b24.99
942 _cTB
_h418.007 1, WIN/R
999 _c1395071
_d1395071